Normal view
MARC view
Entry Topical Term
001 - CONTROL NUMBER
- control field: 1109
003 - CONTROL NUMBER IDENTIFIER
- control field: csc
005 - DATE AND TIME OF LATEST TRANSACTION
- control field: 20140507162054.0
008 - FIXED-LENGTH DATA ELEMENTS
- fixed length control field: 130522|| aca||aabn | a|a d
040 ## - CATALOGING SOURCE
- Original cataloging agency: csc
- Transcribing agency: csc
150 ## - HEADING--TOPICAL TERM
- Topical term or geographic name entry element: EVALUATION DE L'IMPACT
670 ## - SOURCE DATA FOUND
- Source citation: Work cat.: (csc)259: FAO, Rome (Italy). Forest Products and Industries Div. eng 4915, 粮农组织 林 业论 文 154 森林与能源 主要问题, 2008